000 00647nam a2200277Ia 4500
005 20260324121318.0
008 008 260324s9999 xx 000 0 eng d
020 _a9781315594118
037 _aEBOOK
040 _aCRL
040 _beng
040 _cCRL
041 _2eng
041 _aeng
084 _qCRL
100 _aPeter Hopkins; Andrew Gorman-Murray
_91162026
245 0 _aMasculinities and Place
260 _bTaylor and Francis
260 _c2014
365 _a
365 _b240
856 _uhttp://www.taylorfrancis.com/books/9781315594118
942 _cEBOOK
999 _c1754049
_d1754049